LEADER 01193nam a2200289 u 4500 001 000000048472 003 CaOOAMICUS 005 20070226115013.0 008 000508s1949 it u000 u ita u 035 $a10847034 040 $aMSA$bita 100 1 $aMassè, Domenico,$csac.$0(OLS)http://pul/name/11269 245 10$aPio IX e il gran tradimento del '48 /$cDomenico Massè. 260 $aAlba :$bEdizioni Paoline,$c1948. 300 $a286 p. ;$c20 cm 600 04$aPius PP.$bIX,$cb.,$d1792-1878.$0(OLS)http://pul/subject/684 651 4$aItalia$xStoria$y1848-1849.$0(OLS)http://pul/subject/20460 850 $aPUL 852 $aPUL$W1$xDP1 Fondo Maccarrone$y58$m1513 D 2$j64584$nBK-PRI$b $qFondi$B64584$CPULBib$Z2$F64584 $H $81 941 1 $a1 960 $aPapi (1846-1878 : Pius PP. IX)$9684 960 $aPapi (1846-1878 : Pius PP. IX)$9684 960 $aPio$bIX,$cb.,$d1792-1878$9684 960 $aMastai Ferretti, Giovanni Maria,$d1792-1878$9684 961 $aINV: 3039. Fondo Maccarrone. 996 $6245$aPio IX e il gran tradimento del '48$9(OLS)http://pul/title/65271 996 $6260$aAlba :$bEdizioni Paoline$9(OLS)http://pul/publisher/48140 LEADER 01934nam a2200361 u 4500 001 000000079524 003 CaOOAMICUS 005 20070226123540.0 008 040607s1985 sz u000 u fre u 035 $a10997980 040 $aPUL$bita 041 1 $afre$hrus 100 1 $aBerdiaev, Nikolai Aleksandrovi?,$d1874-1948.$0(OLS)http://pul/name/16381 245 13$aLe nouveau Moyen Age ; :$bprecedé de "La fin de la Renaissance" et suivi par "Consiferation sur la Révolution Russe" et "Démocratie, Socialisme et Théocratie" /$cNicolas Berdiaev ; traduction de Jean-Claude Marcadé et Sylviane Siger ; preface de Jean-Claude Marcadé. 260 $a[Lausanne] :$bL'Age d'Homme,$c[c1985] 300 $a140 p. ;$c22 cm 490 1 $aSophia 500 $aContiene indici. 650 4$aRussia$xStoria$yRivoluzione, 1917-1921.$0(OLS)http://pul/subject/25545 700 1 $aMarcadé, Jean-Claude.$0(OLS)http://pul/name/52967 740 32$aLa fin de la Renaissance. 740 02$aConsidération sur la Révolution Russe. 740 02$aDémocratie, Socialisme et Théocratie. 830 0$aSophia.$0(OLS)http://pul/title/68986 850 $aPUL 852 $aPUL$W1$xSL Cons. Gen., Altre Classi 3$y75$m947. 084 BERNI 1$j101749$nBK-PRI$qDDC 21$B101749$CPULBib$Z2$F101749 $H94893 $82 900 $aBerdyaev, Nicolai,$b1874-1948? $916381 941 1 $a9 996 $6245$aLe nouveau Moyen Age ; :$bprecedé de "La fin de la Renaissance" et suivi par "Consiferation sur la Révolution Russe" et "Démocratie, Socialisme et Théocratie"$9(OLS)http://pul/title/104137 996 $6740$aLa fin de la Renaissance$9(OLS)http://pul/title/104138 996 $6740$aConsidération sur la Révolution Russe$9(OLS)http://pul/title/104139 996 $6740$aDémocratie, Socialisme et Théocratie$9(OLS)http://pul/title/104140 996 $6260$a[Lausanne] :$bL'Age d'Homme$9(OLS)http://pul/publisher/75636